| 000 | 00784nam a22002057a 4500 | ||
|---|---|---|---|
| 005 | 20170821105354.0 | ||
| 020 |
_c250.00 _a9789351437383 |
||
| 035 | _aB-667834 | ||
| 037 |
_bRHSP/Ven _adpl |
||
| 082 | _a342.085 | ||
| 100 | _aJain, Rashee | ||
| 245 |
_aTextbook on human rights: law and practice / _cby Rashee Jain |
||
| 250 | _a3rd ed | ||
| 260 |
_aDelhi _bUniversal Law Publishing _c2016 |
||
| 270 |
_aA-58, G.T. Karnal Road Industrial Area, _bDelhi _e110033 |
||
| 300 |
_a203p. _c24cm(pbk) |
||
| 500 | _aIncludes bibliographical references | ||
| 942 |
_2ddc _cEN _h342.085 _mJAI |
||
| 999 |
_c143581 _d143581 |
||